Diabetes spectrum

Detalles Bibliográficos
Autor Corporativo: American Diabetes Association
Formato: Electrónico Revista
Lenguaje:inglés
Publicado: [Alexandria, VA] : American Diabetes Association, ©1988-
Materias:
Acceso en línea:Full text available from Research Library: 01/01/1998 to 07/31/2013

MARC

LEADER 00000nas a2200000 a 4500
001 ssj0002122
003 WaSeSS
005 20200512172242.0
006 m d
007 cr n
008 010418c19889999vauqr pss 0 a0eng c
010 |a  2008202654 
022 |a 1944-7353  |l 1040-9165  |y 1040-9165 
035 |a (WaSeSS)ssj0002122 
037 |b American Diabetes Association, 1710 N. Beauregard St, Alexandria, VA 22311 
040 |a DLM  |b eng  |c DLM  |d OCLCQ  |d NSD  |d DLC  |d OCLCQ  |d OCLCF  |d OCLCO  |d OCLCQ  |d OCLCO  |d OCLCQ  |d BUF  |d VT2  |d WaSeSS 
042 |a pcc  |a nsdp 
050 1 4 |a RC660.A1  |b D526 
082 1 0 |a 616.4  |2 14 
130 0 |a Diabetes spectrum (Online) 
210 0 |a Diabetes spectr.  |b (Online) 
222 0 |a Diabetes spectrum  |b (Online) 
245 1 0 |a Diabetes spectrum  |h [electronic resource]. 
260 |a [Alexandria, VA] :  |b American Diabetes Association,  |c ©1988- 
310 |a Quarterly,  |b <1996-> 
321 |a Bimonthly,  |b Mar./Spr. 1988- 
362 1 |a Print began with vol. 1, no. 1 (Mar./Apr. 1988). 
506 |a License restrictions may limit access. 
538 |a Mode of access: World Wide Web. 
588 |a Description based on print version. 
650 0 |a Diabetes  |v Periodicals. 
650 2 |a Diabetes Mellitus  |v Periodicals. 
650 7 |a Diabetes.  |2 fast  |0 (OCoLC)fst00892147 
655 0 |a Electronic journals. 
710 2 |a American Diabetes Association. 
776 1 |t Diabetes spectrum  |x 1040-9165  |w (DLC) 88645995  |w (OCoLC)18574215 
856 4 0 |z Full text available from Research Library: 01/01/1998 to 07/31/2013  |u https://search.proquest.com/publication/37012